000 01233nam a2200265Ia 4500
003 OSt
005 20220923211231.0
006 a|||||r|||| 00| 0
007 ta
008 220922b |||||||| |||| 00| 0 kan d
020 _a9788171195756 (hbk)
_c300
024 _a264,032
037 _b1860, 16/07/2012, Kiran Book Service
_cTextual
040 _aARTS
_cARTS
_bkan
041 _2kan
_akan
082 _aO33,3N32,BH, 152Q1
100 _aअनन्तमूर्ति, यू. आर.; जयशेट्टी, भालचन्द्र, अनु.
_9159981
245 0 _aभारतीपुर, अनु भालचन्द्र जयशेट्टी और तिप्पेस्वामी
246 _aBhāratīpura, anu bhālachandra jayasheṭṭī aur tippeswāmī
260 _aनयी दिल्ली
_b राधाकृष्ण
_c2011
300 _a199पृ0
_ccm.
650 _aकन्नड़ साहित्य
_9156264
942 _hO33,3N32,BH, 152Q1
_cTEXL
_2CC
999 _c297385
_d297385